| 000 -ლიდერი |
| ფიქსირებული სიგრძის საკონტროლო ველი |
01183nam a2200265Ia 4500 |
| 001 - საკონტროლო ნომერი |
| საკონტროლო ველი |
1776 |
| 003 - საკონტროლო ნომრის იდენტიფიკატორი |
| საკონტროლო ველი |
GE_BSU |
| 005 - ბოლო ოპერაციის თარიღი და დრო |
| საკონტროლო ველი |
20220516131622.0 |
| 008 - ფიქსირებული სიგრძის მონაცემთა ელემენტები - ზოგადი ინფორმაცია |
| ფიქსირებული სიგრძის საკონტროლო ველი |
181216s2008||||ge |||||||||||||| ||geo|| |
| 020 ## - წიგნის საერთაშორისო სტანდარტული ნომერი |
| International Standard Book Number |
9789941006937 |
| 040 ## - კატალოგიზაციის წყარო |
| Transcribing agency |
GE_BSU |
| 041 ## - ენის კოდი |
| Language code of text/sound track or separate title |
geo |
| 080 ## - უნივერსალური ათობითი კლასიფიკაციის ინდექსი |
| Universal Decimal Classification number |
519.2(075.8) ფ–97 |
| 100 ## - მთავარი ჩანაწერი - პიროვნების სახელი |
| Personal name |
ფურთუხია, ო. |
| 9 (RLIN) |
13737 |
| 245 ## - ცნობა სათაურის შესახებ |
| Title |
აღწერითი სტატისტიკა, ალბათობა, სტატისტიკური დასკვნების თეორია : |
| Remainder of title |
[სახელმძღვ. ეკონ. სპეც. სტუდ.] / |
| Statement of responsibility, etc |
ო. ფურთუხია ; [რედ. ე. ნადარაია] ; თსუ. |
| 264 ## - წარმოების, გამოცემის, დისტრიბუციის და სხვა ცნობები |
| გამოცემის, წარმოების, დისტრიბუციის... ადგილი |
თბილისი, |
| გამოცემის, წარმოების, დისტრიბუციის... თარიღი |
2008. |
| 300 ## - ფიზიკური აღწერა |
| Extent |
418 გვ.: |
| Other physical details |
ცხ. ; |
| Dimensions |
19 სმ. |
| 501 ## - შენიშვნა თანმხლებ მასალაზე |
| With note |
დანართი: გვ. 413-417. |
| 504 ## - BIBLIOGRAPHY, ETC. NOTE |
| Bibliography, etc |
ბიბლიოგრ.: გვ. 418. |
| 653 ## - INDEX TERM--UNCONTROLLED |
| Uncontrolled term |
მათემატიკური სტატისტიკა |
| 653 ## - INDEX TERM--UNCONTROLLED |
| Uncontrolled term |
ალბათობის თეორია |
| 700 ## - ADDED ENTRY--PERSONAL NAME |
| Personal name |
ნადარაია, ე. |
| Relator term |
რედაქტორი |
| 9 (RLIN) |
13738 |
| 942 ## - ADDED ENTRY ELEMENTS (KOHA) |
| Koha item type |
წიგნი |
| Source of classification or shelving scheme |
|